| 000 | 00509nam a2200169Ia 4500 | ||
|---|---|---|---|
| 003 | OSt | ||
| 005 | 20200821124650.0 | ||
| 008 | 190216s9999||||xx |||||||||||||| ||und|| | ||
| 020 | _a9788131728901 | ||
| 040 | _coclc | ||
| 082 |
_a509 _bMEN/I |
||
| 100 |
_aMenon, R V G _94267 |
||
| 245 | 3 |
_aAn Introduction To The History And Philosophy Of Science / _cR V G Menon |
|
| 260 |
_bPearson Education Asia, _c2009. _aNew Delhi: |
||
| 300 | _a155p | ||
| 942 |
_cBK _2ddc _h509 _iMEN/I _k509 _mMEN/I |
||
| 999 |
_c14456 _d14456 |
||